000 00292nam a2200121Ia 4500
008 240624s9999 xx 000 0 und d
041 _aeng
082 _a658.15 KHA
100 _aKHAN M Y
245 _aFINANCIAL SERVICES
250 _a(4th ed.)
260 _c2008
_aNew Delhi
_bTata McGraw- Hill
999 _c13228
_d13228